000 00868nam a2200241Ia 4500
003 GCL
008 140319s9999 xx 000 0 ara d
020 _a1812345977
040 _aGCL /
_cGCL
082 0 4 _a173
_bو ت
100 1 _aويلز، روز مارى
245 1 0 _aتكيف الاطفال مع مشكلة طلاق الوالدين :
_bHELPING CHILDREN COPE WITH DIVORCE /
_cويلز، روز مارى
250 _aالاولى
260 _aالقاهرة :
_bدار الفاروق للنشر والتوزيع ،
_c2005
300 _a148 ص ؛
_c24 سم
490 _aالصحة النفسية
_v0
650 0 4 _aالطلاق
650 0 4 _aالعلاقات الاسرية
650 0 4 _aعلم النفس التربوى
650 0 4 _aالاطفال - علم نفس
650 0 4 _aالطلاق - الجوانب الاجتماعية
942 _2ddc
_cBK
999 _c8264
_d8264